[Event "Summer Prague Open 2019 - B"]
[Site "Olympik hotel, Sokolovska 138,"]
[Date "2019.08.04"]
[Round "3"]
[White "Karlsson, Henrik"]
[Black "Guggenheim, Hans"]
[Result "0-1"]
[WhiteElo "1705"]
[BlackElo "1847"]
[PlyCount "76"]
[EventDate "2019.08.02"]

1. e4 c5 2. Nf3 g6 3. d4 cxd4 4. Nxd4 Nc6 5. Nc3 Bg7 6. Be3 Nf6 7. f3 O-O 8.
Qd2 d5 9. Nxc6 bxc6 10. O-O-O Be6 11. g4 dxe4 12. Qxd8 Rfxd8 13. Rxd8+ Rxd8 14.
g5 Nd5 15. Nxd5 Bxd5 16. f4 Rb8 17. b3 a5 18. c4 Be6 19. Kc2 a4 20. Be2 axb3+
21. axb3 Ra8 22. Rb1 Kf8 23. b4 Ra2+ 24. Kd1 Ra3 25. b5 Rxe3 26. bxc6 f5 27.
Rb8+ Kf7 28. c7 Ra3 29. c5 Rc3 30. c8=Q Bxc8 31. Rxc8 Ke6 32. c6 Bd4 33. Ba6
Bb6 34. Bb7 Kd6 35. Rh8 Rh3 36. Ba6 Kxc6 37. Bc4 Rxh2 38. Bg8 e3 0-1

[Event "Summer Prague Open 2019 - B"]
[Site "Olympik hotel, Sokolovska 138,"]
[Date "2019.08.04"]
[Round "3"]
[White "Mares, Matej"]
[Black "Mars, Fiona"]
[Result "0-1"]
[WhiteElo "1569"]
[BlackElo "1842"]
[PlyCount "106"]
[EventDate "2019.08.02"]

1. e4 g6 2. d4 Bg7 3. Nf3 c5 4. Nc3 Qa5 5. Be3 b6 6. Qd2 Nf6 7. h3 Ba6 8. Bxa6
Qxa6 9. dxc5 bxc5 10. e5 Ng8 11. Bxc5 Nc6 12. O-O-O Qb7 13. Rhe1 Rb8 14. b3 d6
15. exd6 Rd8 16. Kb1 Nf6 17. Qe3 O-O 18. dxe7 Rxd1+ 19. Rxd1 Re8 20. Re1 Nd7
21. Ba3 Nb6 22. Qd3 Qc7 23. Nb5 Qf4 24. Nd6 Qf6 25. c3 Rxe7 26. Ne4 Qf5 27.
Bxe7 Nxe7 28. Kb2 Nbd5 29. Qe2 Qc8 30. Nd4 Nf5 31. Rd1 Nxd4 32. cxd4 f5 33. Nc5
Qxc5 34. Qe6+ Kh8 35. Qe8+ Qf8 36. Qxf8+ Bxf8 37. Rc1 Kg8 38. f3 Bg7 39. Rc8+
Kf7 40. Rb8 Bxd4+ 41. Ka3 Kf6 42. Rb7 h5 43. g4 fxg4 44. fxg4 h4 45. Rd7 Ke6
46. Rh7 g5 47. Rh5 Kf6 48. Rh6+ Ke5 49. Rg6 Kf4 50. Ka4 Nc3+ 51. Kb4 Ne4 52.
Kc4 Bg1 53. a4 Nf2 0-1

[Event "Summer Prague Open 2019 - B"]
[Site "Olympik hotel, Sokolovska 138,"]
[Date "2019.08.04"]
[Round "3"]
[White "Vora, Tanish"]
[Black "Trefilik, Jiri"]
[Result "1/2-1/2"]
[WhiteElo "1799"]
[BlackElo "1529"]
[PlyCount "76"]
[EventDate "2019.08.02"]

1. e4 e5 2. Nf3 Nc6 3. d4 exd4 4. Nxd4 Bc5 5. Nb3 Bb6 6. Nc3 d6 7. Qe2 Be6 8.
Be3 Nf6 9. f3 Qe7 10. O-O-O Bxe3+ 11. Qxe3 a6 12. g3 b5 13. Bg2 b4 14. Ne2 a5
15. Ned4 Nxd4 16. Qxd4 O-O 17. e5 dxe5 18. Qxe5 a4 19. Nd4 Ra6 20. Nf5 Qe8 21.
Nxg7 Kxg7 22. Qg5+ Kh8 23. Qxf6+ Kg8 24. Rd4 Bc8 25. Qf4 b3 26. a3 bxc2 27.
Kxc2 Rc6+ 28. Kb1 Qe2 29. Rd2 Qb5 30. Rhd1 Bf5+ 31. Ka1 Be6 32. Qb4 Qxb4 33.
axb4 Rb6 34. f4 Bb3 35. Rc1 Rc8 36. Bh3 Re8 37. b5 Re7 38. Bf1 Ree6 1/2-1/2

[Event "Summer Prague Open 2019 - B"]
[Site "Olympik hotel, Sokolovska 138,"]
[Date "2019.08.04"]
[Round "3"]
[White "Beno, Milan"]
[Black "Kastner, Oldrich"]
[Result "0-1"]
[WhiteElo "1726"]
[BlackElo "2033"]
[PlyCount "70"]
[EventDate "2019.08.02"]

1. e4 Nf6 2. e5 Nd5 3. d4 d6 4. Nf3 Bg4 5. Be2 c6 6. O-O Bxf3 7. Bxf3 dxe5 8.
dxe5 e6 9. c4 Ne7 10. Qxd8+ Kxd8 11. Bg5 Nd7 12. Re1 Kc7 13. Bd2 Rd8 14. Bc3
Ng6 15. g3 Nc5 16. Na3 Na4 17. Nc2 Nxc3 18. bxc3 Rd3 19. Re3 Rxe3 20. Nxe3 Nxe5
21. Be2 Bc5 22. Rd1 Bxe3 23. fxe3 Rd8 24. Rd4 Ng6 25. Kf2 e5 26. Rxd8 Kxd8 27.
e4 Kc7 28. Ke3 Kd6 29. Kd3 Nf8 30. Bg4 Ne6 31. Bxe6 fxe6 32. Kc2 Kc5 33. Kb3 a6
34. h3 g5 35. a4 a5 0-1

[Event "Summer Prague Open 2019 - B"]
[Site "Olympik hotel, Sokolovska 138,"]
[Date "2019.08.04"]
[Round "3"]
[White "Klimek, Petr"]
[Black "Dharani, Srinivas K B"]
[Result "1/2-1/2"]
[WhiteElo "1852"]
[BlackElo "1690"]
[PlyCount "57"]
[EventDate "2019.08.02"]

1. e4 e5 2. Nf3 Nf6 3. Nc3 Bb4 4. Bc4 Bxc3 5. dxc3 d6 6. Qe2 Nbd7 7. Bg5 O-O 8.
O-O-O Re8 9. h3 h6 10. Bxf6 Qxf6 11. g4 Nc5 12. Bd3 Ne6 13. Rdg1 Nf4 14. Qe3 g5
15. h4 Kg7 16. hxg5 hxg5 17. Ne1 Bd7 18. f3 a6 19. Ng2 Nxg2 20. Rxg2 Qf4 21.
Qxf4 gxf4 22. Rgh2 Rh8 23. Rxh8 Rxh8 24. Rxh8 Kxh8 25. Kd2 Kg7 26. Ke2 Kh6 27.
Bc4 f6 28. Kf2 Kg5 29. Kg2 1/2-1/2

[Event "Summer Prague Open 2019 - B"]
[Site "Olympik hotel, Sokolovska 138,"]
[Date "2019.08.04"]
[Round "3"]
[White "Raondi, Yan-Martin"]
[Black "Shehzad, Alisha"]
[Result "1/2-1/2"]
[WhiteElo "1447"]
[BlackElo "1716"]
[PlyCount "63"]
[EventDate "2019.08.02"]

1. d4 Nf6 2. Nf3 e6 3. Bf4 c5 4. e3 Nc6 5. c3 d5 6. Nbd2 Bd6 7. Bxd6 Qxd6 8.
Be2 cxd4 9. exd4 O-O 10. O-O b6 11. Re1 Bb7 12. Bd3 Rac8 13. Qe2 Ne7 14. Ne5
Ng6 15. Nxg6 hxg6 16. Qe5 Qxe5 17. Rxe5 Bc6 18. f3 b5 19. a3 Nd7 20. Re2 Nb6
21. Nb3 Nc4 22. Nc5 Rfd8 23. Kf2 a5 24. b4 Ra8 25. Rea2 Ra7 26. Nb3 a4 27. Nc5
Re7 28. Re1 Rde8 29. Bxc4 dxc4 30. Rae2 Bd5 31. Ne4 Bc6 32. Nc5 1/2-1/2

[Event "Summer Prague Open 2019 - A"]
[Site "Olympik hotel, Sokolovska 138,"]
[Date "2019.08.04"]
[Round "4"]
[White "Sorm, Daniel"]
[Black "Koustav, Chatterjee"]
[Result "0-1"]
[WhiteElo "2282"]
[BlackElo "2429"]
[PlyCount "148"]
[EventDate "2019.08.02"]

1. d4 d5 2. c4 e6 3. Nc3 Bb4 4. e3 Nf6 5. Bd3 O-O 6. Nf3 c5 7. O-O cxd4 8. exd4
dxc4 9. Bxc4 b6 10. Bg5 Bb7 11. Qd3 Nbd7 12. Rfd1 h6 13. Bh4 Rc8 14. Bb3 a6 15.
a4 Bd6 16. Rac1 Qe7 17. Re1 Bf4 18. Rcd1 Qb4 19. Na2 Qa5 20. Bg3 Bxg3 21. hxg3
Rfd8 22. Bc2 Nc5 23. dxc5 Rxd3 24. b4 Ra3 25. bxa5 Rxa2 26. Bb1 Rxa4 27. axb6
Rc4 28. Ne5 R4xc5 29. Nd7 Rb5 30. Bd3 Rb3 31. Be2 a5 32. Nxf6+ gxf6 33. Rb1
Rbc3 34. Bf3 Bxf3 35. gxf3 Rb8 36. Kg2 Rc6 37. Rb5 Rbxb6 38. Rxa5 Rb2 39. f4
Rcc2 40. Rf1 Kg7 41. Raa1 Kg6 42. Rac1 e5 43. Rxc2 Rxc2 44. fxe5 fxe5 45. Re1
Kf5 46. Re3 f6 47. Rf3+ Kg5 48. Re3 h5 49. Re4 Rd2 50. Re3 h4 51. gxh4+ Kxh4
52. Re4+ Kg5 53. Kg3 Rd4 54. Re1 Rg4+ 55. Kf3 Kf5 56. Re3 Rb4 57. Ra3 Kg5 58.
Re3 Rh4 59. Kg3 e4 60. Kg2 Kf4 61. Ra3 Rh5 62. Re3 Rb5 63. Ra3 f5 64. Rc3 Rb2
65. Ra3 Rb5 66. Rc3 Ke5 67. Rh3 Rb2 68. Ra3 f4 69. Ra5+ Kf6 70. Kg1 f3 71. Rc5
Rb1+ 72. Kh2 e3 73. Rc3 e2 74. Rxf3+ Kg5 0-1

[Event "Summer Prague Open 2019 - A"]
[Site "Olympik hotel, Sokolovska 138,"]
[Date "2019.08.04"]
[Round "4"]
[White "Ondersteijn, Niels"]
[Black "Ahn, Hongjin"]
[Result "1-0"]
[WhiteElo "2397"]
[BlackElo "2238"]
[PlyCount "71"]
[EventDate "2019.08.02"]

1. c4 e6 2. g3 g6 3. Bg2 Bg7 4. Nf3 Ne7 5. d4 O-O 6. O-O d5 7. e3 Nbc6 8. Nc3
b6 9. cxd5 exd5 10. b3 Bb7 11. Bb2 Nf5 12. Rc1 Nce7 13. Re1 Nd6 14. Qc2 Re8 15.
a4 a6 16. a5 b5 17. Ba3 f6 18. Nd2 Ndf5 19. Ne2 c6 20. Bb4 Bh6 21. Nf4 Bxf4 22.
exf4 Nxd4 23. Qc3 Nef5 24. g4 Qc7 25. gxf5 Qxf4 26. Ne4 dxe4 27. Qxd4 Rad8 28.
Qxf6 Qxf5 29. Bc3 Qxf6 30. Bxf6 Rd6 31. Bg5 Rde6 32. Red1 Re5 33. Be3 R8e7 34.
b4 Rd5 35. Rd4 Red7 36. Rcd1 1-0

[Event "Summer Prague Open 2019 - A"]
[Site "Olympik hotel, Sokolovska 138,"]
[Date "2019.08.04"]
[Round "4"]
[White "Hrdina, Robin"]
[Black "Mikes, Jan"]
[Result "0-1"]
[WhiteElo "2229"]
[BlackElo "2386"]
[PlyCount "82"]
[EventDate "2019.08.02"]

1. e4 c5 2. c3 Nf6 3. e5 Nd5 4. d4 e6 5. Nf3 cxd4 6. cxd4 Nc6 7. Bc4 Nb6 8. Bb3
d6 9. Qe2 dxe5 10. dxe5 Nb4 11. O-O Qd3 12. Qxd3 Nxd3 13. Nc3 Bd7 14. Rd1 Nc5
15. Bc2 Rc8 16. Bf4 Be7 17. Rac1 Nc4 18. b4 Na6 19. Rxd7 Kxd7 20. Ba4+ Kc7 21.
Rd1 Nb6 22. Bb3 Kb8 23. Nb5 Nxb4 24. Nd6 Rcd8 25. Rb1 Bxd6 26. exd6 N4d5 27.
Bg3 Ka8 28. Nd4 Rd7 29. Nb5 a6 30. Nc7+ Nxc7 31. dxc7 Nd5 32. Rc1 Rc8 33. Bxd5
Rxd5 34. Kf1 e5 35. Ke2 f6 36. f4 Rd7 37. fxe5 fxe5 38. Bxe5 Re7 39. Rc5 b6 40.
Rd5 Rcxc7 41. Kf3 Rcd7 0-1

[Event "Summer Prague Open 2019 - A"]
[Site "Olympik hotel, Sokolovska 138,"]
[Date "2019.08.04"]
[Round "4"]
[White "Barua, Dibyendu"]
[Black "Soural, Jan"]
[Result "1-0"]
[WhiteElo "2379"]
[BlackElo "2206"]
[PlyCount "109"]
[EventDate "2019.08.02"]

1. e4 c5 2. Nf3 Nc6 3. d4 cxd4 4. Nxd4 g6 5. c4 Bg7 6. Be3 Nf6 7. Nc3 d6 8. Be2
O-O 9. O-O Bd7 10. Rc1 Nxd4 11. Bxd4 Bc6 12. f3 a5 13. b3 Nd7 14. Be3 Nc5 15.
Qd2 Qb6 16. Nb5 Rfc8 17. Rfd1 Qd8 18. Nd4 h5 19. Bf1 Kh7 20. g3 Qf8 21. Bg2 Bh6
22. Nxc6 Bxe3+ 23. Qxe3 Rxc6 24. f4 e5 25. Rd5 Rd8 26. f5 Qh6 27. Kf2 Qxe3+ 28.
Kxe3 Ra8 29. Rcd1 Raa6 30. Bf1 Rab6 31. Rb1 Rb4 32. Bd3 a4 33. Bc2 axb3 34.
axb3 Rcb6 35. Kd2 Kg7 36. Kc3 Na4+ 37. bxa4 Rxb1 38. Bxb1 Rxb1 39. fxg6 Kxg6
40. Rxd6+ f6 41. a5 Kg5 42. Rb6 Ra1 43. Kb4 Rb1+ 44. Kc5 Ra1 45. Rb5 Ra4 46.
Kd5 Kg4 47. Rxb7 Rxa5+ 48. c5 Ra2 49. Rb3 Rc2 50. h4 f5 51. exf5 Kxf5 52. Rf3+
Kg4 53. Re3 e4 54. Rxe4+ Kxg3 55. c6 1-0

[Event "Summer Prague Open 2019 - A"]
[Site "Olympik hotel, Sokolovska 138,"]
[Date "2019.08.04"]
[Round "4"]
[White "Flak, Pawel"]
[Black "Yagupov, Igor"]
[Result "1/2-1/2"]
[WhiteElo "2198"]
[BlackElo "2370"]
[PlyCount "111"]
[EventDate "2019.08.02"]

1. d4 d5 2. Nf3 Nf6 3. c4 c6 4. g3 Bg4 5. Nbd2 e6 6. Bg2 Nbd7 7. O-O Be7 8. b3
O-O 9. Bb2 h6 10. cxd5 exd5 11. Ne5 Bf5 12. Re1 Re8 13. f3 Nxe5 14. dxe5 Nd7
15. f4 Bc5+ 16. Kh1 Be3 17. Nf3 f6 18. Bd4 Bxd4 19. Nxd4 Bg4 20. exf6 Nxf6 21.
h3 Bh5 22. Kh2 Bg6 23. Nf3 Re7 24. Qd4 a5 25. Ne5 Bh7 26. Rad1 Qc7 27. Bf3 Rae8
28. Bg4 Be4 29. Qf2 Rf8 30. Qd4 c5 31. Qg1 Rxe5 32. fxe5 Nxg4+ 33. hxg4 Qc8 34.
Rf1 Rxf1 35. Rxf1 Qxg4 36. Qe3 Qh5+ 37. Kg1 Qxe5 38. Rf4 Qa1+ 39. Kf2 b6 40.
Qd2 Qh1 41. Qe1 Qh5 42. Rh4 Qe5 43. Qd2 Kh7 44. Qf4 Qe7 45. Qb8 g5 46. Rh2 Qf6+
47. Kg1 Qa1+ 48. Kf2 Qd4+ 49. Kf1 Qf6+ 50. Kg1 Qa1+ 51. Kf2 Qd4+ 52. Kf1 Qf6+
53. Kg1 Qa1+ 54. Kf2 Qg7 55. Kg1 Qa1+ 56. Kf2 1/2-1/2

[Event "Summer Prague Open 2019 - A"]
[Site "Olympik hotel, Sokolovska 138,"]
[Date "2019.08.04"]
[Round "4"]
[White "Shehzad, Shazil"]
[Black "Kulhanek, Tomas"]
[Result "0-1"]
[WhiteElo "2130"]
[BlackElo "2342"]
[PlyCount "54"]
[EventDate "2019.08.02"]

1. e4 d6 2. d4 Nf6 3. Nc3 g6 4. Be3 c6 5. Qd2 Nbd7 6. O-O-O b5 7. f3 Nb6 8. g4
b4 9. Nb1 a5 10. h4 h5 11. g5 Nfd7 12. f4 Bg7 13. f5 Nf8 14. fxg6 Nxg6 15. Bd3
O-O 16. Ne2 c5 17. Ng3 cxd4 18. Bf2 Bg4 19. Be2 d3 20. Bxb6 Qxb6 21. Qxd3 Nf4
22. Qd2 Nxe2+ 23. Nxe2 a4 24. c3 a3 25. b3 bxc3 26. Nbxc3 Rac8 27. Kb1 Qb4 0-1

[Event "Summer Prague Open 2019 - A"]
[Site "Olympik hotel, Sokolovska 138,"]
[Date "2019.08.04"]
[Round "4"]
[White "Domogaev, Sergey"]
[Black "Singh, S. Vikramjit"]
[Result "1/2-1/2"]
[WhiteElo "2336"]
[BlackElo "2185"]
[PlyCount "63"]
[EventDate "2019.08.02"]

1. d4 Nf6 2. c4 g6 3. Nc3 Bg7 4. Nf3 O-O 5. Bg5 h6 6. Bh4 d6 7. e3 c5 8. Be2 g5
9. Bg3 Nh5 10. Qc2 g4 11. Nh4 cxd4 12. exd4 Nc6 13. Nf5 Bxf5 14. Qxf5 Nxg3 15.
hxg3 Nxd4 16. Qd3 f5 17. Nd5 Rc8 18. Kf1 e5 19. Bd1 Qg5 20. Bb3 Rc5 21. Rd1 Kh7
22. Nc3 e4 23. Qe3 Qf6 24. Nd5 Rxd5 25. cxd5 Rc8 26. Rc1 Rxc1+ 27. Qxc1 Nxb3
28. axb3 Qd4 29. Kg1 Qxd5 30. Qc8 Qf7 31. Kh2 Qh5+ 32. Kg1 1/2-1/2

[Event "Summer Prague Open 2019 - A"]
[Site "Olympik hotel, Sokolovska 138,"]
[Date "2019.08.04"]
[Round "4"]
[White "Yakimenko, Alexander A"]
[Black "Thakur, Akash"]
[Result "0-1"]
[WhiteElo "2100"]
[BlackElo "2273"]
[PlyCount "120"]
[EventDate "2019.08.02"]

1. e4 e5 2. Nf3 Nc6 3. Bb5 a6 4. Ba4 d6 5. c3 g6 6. d3 Bg7 7. Bg5 Nf6 8. Nbd2
h6 9. Bh4 O-O 10. Qe2 b5 11. Bb3 Na5 12. Bc2 c5 13. O-O Qc7 14. Bxf6 Bxf6 15.
Rac1 Bg7 16. b4 Nc6 17. Bb3 Bb7 18. Bd5 cxb4 19. cxb4 Qd7 20. Bxc6 Bxc6 21. Nb3
Rac8 22. Rc2 h5 23. Qe3 Bb7 24. Rfc1 Rxc2 25. Rxc2 Rc8 26. Rxc8+ Bxc8 27. Qb6
Bf6 28. h3 Bd8 29. Qe3 Kg7 30. Kh2 Qc6 31. Qd2 Bb6 32. Kg1 Be6 33. Ng5 Bxb3 34.
axb3 Bd4 35. Nf3 Qc3 36. Qxc3 Bxc3 37. Kf1 Bxb4 38. Ke2 a5 39. d4 a4 40. bxa4
bxa4 41. Kd3 a3 42. Kc2 exd4 43. Nxd4 a2 44. Nb3 Bc5 45. Kb2 Bxf2 46. Kxa2 Kf6
47. Nd2 Ke5 48. Nc4+ Kxe4 49. Nxd6+ Kf4 50. Nxf7 Kg3 51. Ne5 g5 52. Nf3 Be3 53.
Ne1 h4 54. Kb3 Kf2 55. Nc2 Bb6 56. Kc3 Kxg2 57. Kd3 Kxh3 58. Ke2 g4 59. Kf1 Kh2
60. Ke1 h3 0-1

[Event "Summer Prague Open 2019 - A"]
[Site "Olympik hotel, Sokolovska 138,"]
[Date "2019.08.04"]
[Round "4"]
[White "Adrian, Claude"]
[Black "Sindler, Michal"]
[Result "1-0"]
[WhiteElo "2258"]
[BlackElo "2160"]
[PlyCount "65"]
[EventDate "2019.08.02"]

1. c4 Nf6 2. Nc3 g6 3. g3 Bg7 4. Bg2 O-O 5. Nf3 c6 6. d4 d6 7. O-O Qa5 8. h3
Be6 9. Nd2 Qa6 10. d5 cxd5 11. cxd5 Bd7 12. e4 b5 13. Re1 b4 14. Ne2 Ba4 15.
Nb3 Bxb3 16. Qxb3 Nbd7 17. Be3 Ne5 18. Nd4 Nfd7 19. Nc6 Nxc6 20. dxc6 Ne5 21.
Rec1 Nxc6 22. e5 Na5 23. Qa4 Rac8 24. Bf1 Qb7 25. Qxa5 Bxe5 26. Rxc8 Rxc8 27.
Ba6 Qc7 28. Qxb4 Rb8 29. Qa4 Bxb2 30. Rb1 Be5 31. Rc1 Qd8 32. Bxa7 Ra8 33. Bb7
1-0

[Event "Summer Prague Open 2019 - A"]
[Site "Olympik hotel, Sokolovska 138,"]
[Date "2019.08.04"]
[Round "4"]
[White "Hjelmas, Lars"]
[Black "Skalsky, Alexandr"]
[Result "1-0"]
[WhiteElo "2240"]
[BlackElo "2128"]
[PlyCount "87"]
[EventDate "2019.08.02"]

1. d4 Nf6 2. c4 g6 3. Nc3 d5 4. cxd5 Nxd5 5. e4 Nxc3 6. bxc3 Bg7 7. Nf3 c5 8.
Be3 Qa5 9. Qd2 Nc6 10. Rb1 a6 11. Rc1 cxd4 12. cxd4 Qxd2+ 13. Kxd2 Bg4 14. d5
Bxf3 15. gxf3 Nd4 16. f4 O-O 17. Kd3 Nb5 18. a4 Nd6 19. e5 Nf5 20. a5 Rfd8 21.
Ke4 Nxe3 22. fxe3 f5+ 23. Kf3 Rab8 24. Bc4 Kf8 25. Rb1 Rdc8 26. Rb4 Rc5 27. Bb3
Rxa5 28. Rc1 Rb5 29. Rxb5 axb5 30. Rc7 Ke8 31. e4 Ra8 32. Rxb7 Rc8 33. Rxb5
Rc3+ 34. Ke2 fxe4 35. Rb8+ Kd7 36. Ba4+ Kc7 37. Re8 Kb6 38. Rxe7 Bh6 39. Rf7
Ra3 40. Bc6 Kc5 41. e6 Kd4 42. e7 Ra2+ 43. Kd1 Kd3 44. Bb5+ 1-0

[Event "Summer Prague Open 2019 - A"]
[Site "Olympik hotel, Sokolovska 138,"]
[Date "2019.08.04"]
[Round "4"]
[White "Lyrberg, Patrik"]
[Black "Kozak, Milos"]
[Result "1-0"]
[WhiteElo "2457"]
[BlackElo "2105"]
[PlyCount "43"]
[EventDate "2019.08.02"]

1. d4 Nf6 2. c4 e6 3. Nc3 Bb4 4. e3 O-O 5. Bd3 d5 6. Nge2 c5 7. O-O cxd4 8.
exd4 dxc4 9. Bxc4 Nc6 10. a3 Be7 11. Qd3 b6 12. Rd1 Bb7 13. Ba2 Rc8 14. h4 Re8
15. Bg5 g6 16. Nf4 Nd5 17. Bxd5 exd5 18. Nfxd5 Bxg5 19. hxg5 Qxg5 20. Ne4 Rxe4
21. Qxe4 Na5 22. Qe5 1-0

[Event "Summer Prague Open 2019 - A"]
[Site "Olympik hotel, Sokolovska 138,"]
[Date "2019.08.04"]
[Round "4"]
[White "Plischki, Sebastian"]
[Black "Ptacnikova, Lenka"]
[Result "1-0"]
[WhiteElo "2391"]
[BlackElo "2089"]
[PlyCount "89"]
[EventDate "2019.08.02"]

1. Nf3 c5 2. c4 Nf6 3. b3 g6 4. Bb2 Bg7 5. g3 O-O 6. Bg2 Nc6 7. O-O d6 8. d4
cxd4 9. Nxd4 Bd7 10. Nc3 Qa5 11. e3 Rfc8 12. Rc1 Bg4 13. Qd2 Qh5 14. Nde2 g5
15. f3 Be6 16. e4 h6 17. Nd5 Qg6 18. Nd4 Bxd5 19. cxd5 Nxd4 20. Bxd4 g4 21. e5
dxe5 22. Bxe5 Ne4 23. Qd4 gxf3 24. Bxf3 Rxc1 25. Rxc1 Qg5 26. Re1 Qxe5 27. Qxe4
Qxe4 28. Rxe4 Bf6 29. d6 exd6 30. Rc4 Re8 31. Bxb7 Re1+ 32. Kf2 Rb1 33. Kf3 Rb2
34. Ra4 Rxh2 35. Rxa7 Rf2+ 36. Kxf2 Bd4+ 37. Ke2 Bxa7 38. b4 Kf8 39. a4 Ke7 40.
a5 Bd4 41. Kd3 Bf2 42. g4 Ke6 43. Kc4 Ke5 44. Bf3 Be3 45. Kb5 1-0

[Event "Summer Prague Open 2019 - A"]
[Site "Olympik hotel, Sokolovska 138,"]
[Date "2019.08.04"]
[Round "4"]
[White "Serrano Salvador, Eduardo"]
[Black "Ludvigsen, Frode"]
[Result "1-0"]
[WhiteElo "2306"]
[BlackElo "2068"]
[PlyCount "55"]
[EventDate "2019.08.02"]

1. d4 d5 2. c4 e6 3. Nf3 c5 4. cxd5 exd5 5. Nc3 Nc6 6. g3 Nf6 7. Bg2 Be7 8. O-O
O-O 9. Bg5 c4 10. Ne5 Be6 11. b3 Qa5 12. Nxc6 bxc6 13. Qc2 Bb4 14. Bd2 Rab8 15.
bxc4 dxc4 16. a3 Bxc3 17. Bxc3 Qa6 18. e4 Rb3 19. a4 Nd7 20. Rfe1 f5 21. d5
cxd5 22. exd5 Bf7 23. Re7 Nc5 24. Bd4 Nb7 25. Qxf5 Qg6 26. Qe5 a5 27. Be4 Qh6
28. Bf5 1-0

[Event "Summer Prague Open 2019 - A"]
[Site "Olympik hotel, Sokolovska 138,"]
[Date "2019.08.04"]
[Round "4"]
[White "Srinivasa Rao, M."]
[Black "Arpita, Mukherjee"]
[Result "1-0"]
[WhiteElo "2090"]
[BlackElo "2290"]
[PlyCount "99"]
[EventDate "2019.08.02"]

1. Nf3 Nf6 2. g3 b6 3. Bg2 Bb7 4. c4 g6 5. O-O Bg7 6. Nc3 O-O 7. Re1 c5 8. d4
Ne4 9. Nxe4 Bxe4 10. d5 d6 11. Bh3 Bxf3 12. exf3 Nd7 13. Bg5 Re8 14. Rb1 h6 15.
Be3 a6 16. a4 b5 17. axb5 axb5 18. cxb5 Rb8 19. Bf1 Nb6 20. Qd2 Kh7 21. h4 Qc8
22. Red1 Qf5 23. Kg2 Rec8 24. Be2 c4 25. g4 Qd7 26. Qb4 Bf6 27. Kg3 h5 28. Rbc1
e5 29. g5 Bg7 30. Bf1 Rd8 31. Bxb6 Rxb6 32. Qxc4 e4 33. Qxe4 Re8 34. Qd3 Bxb2
35. Rc6 Qa7 36. Rd2 Bg7 37. Rdc2 Re1 38. Kg2 Be5 39. Re2 Rxe2 40. Bxe2 Rb7 41.
f4 Bxf4 42. Bxh5 Qa1 43. Be2 Re7 44. Rc4 Be5 45. h5 Kg7 46. hxg6 fxg6 47. Qh3
Kf7 48. Qh7+ Bg7 49. Bd3 Re1 50. Qxg6+ 1-0

[Event "Summer Prague Open 2019 - A"]
[Site "Olympik hotel, Sokolovska 138,"]
[Date "2019.08.04"]
[Round "4"]
[White "Micanek, Tomas"]
[Black "Slampa, Jan"]
[Result "0-1"]
[WhiteElo "2077"]
[BlackElo "2245"]
[Annotator "Stanice"]
[PlyCount "82"]
[EventDate "2019.08.02"]

1. e4 c5 2. Nc3 e6 3. Nf3 Nc6 4. d4 cxd4 5. Nxd4 a6 6. Nxc6 bxc6 7. Bd3 d5 8.
O-O Nf6 9. Bg5 Be7 10. e5 Nd7 11. Bf4 a5 12. Na4 c5 13. c4 $11 d4 14. Qe2 Bb7
15. b3 Qc7 16. Be4 h5 17. Rae1 h4 18. Bd2 g6 19. f4 Kf8 20. Rf3 Kg7 21. Rh3 Bc6
22. Nb2 Nb6 23. a4 Nd7 24. Bc2 Nb8 25. g4 hxg3 26. Rxh8 Kxh8 27. hxg3 Kg7 28.
f5 exf5 29. Qh2 Nd7 30. Qh6+ Kg8 31. Bf4 Bf8 32. Qh4 Bb7 33. Re2 Qc6 34. Rh2
Bg7 35. Bh6 Nxe5 36. Bd1 Nf3+ 37. Bxf3 Qxf3 38. Bf4 f6 39. Rf2 Qe4 40. Qh2 Re8
41. Nd1 Kf7 0-1

[Event "Summer Prague Open 2019 - A"]
[Site "Olympik hotel, Sokolovska 138,"]
[Date "2019.08.04"]
[Round "4"]
[White "Toman, Ondrej"]
[Black "Jayaram, Ramanna"]
[Result "1-0"]
[WhiteElo "2235"]
[BlackElo "2056"]
[PlyCount "87"]
[EventDate "2019.08.02"]

1. d4 Nf6 2. Bf4 d5 3. e3 c5 4. c3 Nc6 5. Nd2 cxd4 6. exd4 Bf5 7. Ngf3 e6 8.
Ne5 Nd7 9. Ndf3 Ndxe5 10. Nxe5 Bd6 11. Bd3 Bxd3 12. Nxd3 Bxf4 13. Nxf4 O-O 14.
O-O Ne7 15. Qg4 Nf5 16. Rae1 a5 17. Nd3 Rc8 18. f4 Nd6 19. Qh5 g6 20. Qd1 Ne4
21. g4 f5 22. g5 Rc7 23. Re3 Qd6 24. Kg2 b5 25. a3 Kh8 26. Rh3 a4 27. Qe1 Rff7
28. Rff3 Kg8 29. Rh6 Rg7 30. Ne5 Qe7 31. Rfh3 Qe8 32. Qh4 Kf8 33. Kg1 Rce7 34.
Qe1 Rc7 35. Re3 Qe7 36. h4 Qd8 37. Kh1 Kg8 38. Rh3 Kf8 39. h5 gxh5 40. R3xh5
Qe8 41. Qh4 Qe7 42. Ng6+ hxg6 43. Rh8+ Kf7 44. R5h7 1-0

[Event "Summer Prague Open 2019 - A"]
[Site "Olympik hotel, Sokolovska 138,"]
[Date "2019.08.04"]
[Round "4"]
[White "Dushyant, Sharma"]
[Black "Pribyl, Viktor"]
[Result "1-0"]
[WhiteElo "2228"]
[BlackElo "1969"]
[PlyCount "39"]
[EventDate "2019.08.02"]

1. e4 g6 2. d4 Bg7 3. Nc3 c5 4. Nf3 Qa5 5. dxc5 Bxc3+ 6. bxc3 Qxc3+ 7. Bd2 Qxc5
8. Bd3 d6 9. O-O Nc6 10. Rb1 Nf6 11. Rb5 Qa3 12. Rb3 Qa4 13. Qc1 Nd4 14. Nxd4
Qxd4 15. Bc3 Qc5 16. Bb5+ Kf8 17. e5 Be6 18. Qh6+ Kg8 19. exf6 exf6 20. Bxf6
1-0

[Event "Summer Prague Open 2019 - A"]
[Site "Olympik hotel, Sokolovska 138,"]
[Date "2019.08.04"]
[Round "4"]
[White "Fuchs, Georg"]
[Black "Steiner, Juraj"]
[Result "1-0"]
[WhiteElo "2215"]
[BlackElo "1920"]
[PlyCount "105"]
[EventDate "2019.08.02"]

1. e4 c5 2. Nf3 d6 3. Nc3 Nc6 4. d4 cxd4 5. Nxd4 e6 6. Be3 Nf6 7. f3 Be7 8. Qd2
a6 9. O-O-O O-O 10. g4 Nxd4 11. Bxd4 Nd7 12. h4 b5 13. Kb1 b4 14. Na4 Bb7 15.
b3 Qc7 16. Qxb4 Ne5 17. Qb6 Qxb6 18. Nxb6 Nxf3 19. Nxa8 Rxa8 20. Bf2 Bxe4 21.
Rh3 Ne5 22. g5 Rc8 23. Bd3 Nxd3 24. cxd3 Bf5 25. Rg3 d5 26. Be1 e5 27. Rc1 Rd8
28. Rc6 e4 29. d4 Bd6 30. Rgc3 Bh2 31. Rc1 Bf4 32. Ba5 Re8 33. Rf1 e3+ 34. Kb2
Bd7 35. Rc5 Bg3 36. Be1 Bh3 37. Rh1 Bg2 38. Rg1 Bf2 39. Rxg2 Bxe1 40. Re2 Bf2
41. h5 h6 42. gxh6 f5 43. Rxd5 Rf8 44. Rd7 gxh6 45. Rc2 Bh4 46. Rcc7 Bf6 47.
Kc2 Re8 48. Rd6 Bd8 49. Rc8 Be7 50. Rxe8+ Kf7 51. Rxe7+ Kxe7 52. Rd5 Kf6 53.
Kd3 1-0

[Event "Summer Prague Open 2019 - B"]
[Site "Olympik hotel, Sokolovska 138,"]
[Date "2019.08.04"]
[Round "4"]
[White "Guggenheim, Hans"]
[Black "Atnilov, Boris"]
[Result "1/2-1/2"]
[WhiteElo "1847"]
[BlackElo "2053"]
[PlyCount "63"]
[EventDate "2019.08.02"]

1. d4 Nf6 2. c4 e6 3. g3 c5 4. d5 exd5 5. cxd5 g6 6. Bg2 Bg7 7. Nc3 O-O 8. Nf3
a6 9. a4 d6 10. O-O Re8 11. Re1 h6 12. h3 g5 13. g4 Nbd7 14. Nd2 Ne5 15. Nde4
Nc4 16. Ng3 Rb8 17. Qd3 Ne5 18. Qc2 b5 19. axb5 axb5 20. Nd1 Ng6 21. Ra3 Nh4
22. Bh1 Bb7 23. Ne3 Re5 24. Rd3 Bc8 25. Rdd1 Ra8 26. Bd2 Qe7 27. Ngf1 Ne4 28.
Bxe4 Rxe4 29. Bc3 Bxc3 30. Qxc3 b4 31. Qb3 Bd7 32. Ra1 1/2-1/2

[Event "Summer Prague Open 2019 - B"]
[Site "Olympik hotel, Sokolovska 138,"]
[Date "2019.08.04"]
[Round "4"]
[White "Mars, Fiona"]
[Black "Korenek, Frantisek"]
[Result "1/2-1/2"]
[WhiteElo "1842"]
[BlackElo "1956"]
[PlyCount "49"]
[EventDate "2019.08.02"]

1. Nf3 Nf6 2. e3 d5 3. d4 e6 4. Bd3 c6 5. O-O Nbd7 6. b3 Be7 7. Nbd2 O-O 8. c4
b6 9. e4 dxe4 10. Nxe4 Bb7 11. Bf4 Nxe4 12. Bxe4 Nf6 13. Bd3 c5 14. Be5 cxd4
15. Nxd4 Bc5 16. Nf3 h6 17. Bb2 Qe7 18. Qe2 Rad8 19. Rad1 Ba3 20. Bxa3 Qxa3 21.
Bb1 Qe7 22. Ne5 Rxd1 23. Rxd1 Rd8 24. Rxd8+ Qxd8 25. Qd3 1/2-1/2